000 00718nam a2200241Ia 4500
003 OSt
005 20220926023905.0
006 a|||||r|||| 00| 0
007 ta
008 220923b |||||||| |||| 00| 0 eng d
020 _a0873320743
037 _cGeneral Book
040 _aRTL
_cRTL
_beng
041 _2eng
_aeng
082 _aX.5923.N7, L6
100 _aHorvat Branko
_9124291
245 0 _aYugoslav economic system
_bThe first labour managed economy in the making
260 _aNY
_bInternational Arts and Science Press
_c1976
300 _aix,286p.
_ccm.
650 _aEconomic Condition Russia
942 _hX.5923.N7, L6
_cGB
_2CC
999 _c642556
_d642556